Készletgazdálkodás hatékonyságának javítása a ContiTech Fluid Automotive Hungária Kft-nél

Bibliográfiai részletek
Szerző: Himmer Dávid Ádám
További közreműködők: Fülöp Dr. Sándor
Dokumentumtípus: Diplomadolgozat
Kulcsszavak:Készletgazdálkodás/ készletcsökkentés
kitting
Hatékonyság
Online Access:http://dolgozattar.uni-bge.hu/9097

MARC

LEADER 00000nta a2200000 i 4500
001 dolg9097
005 20161215151948.0
008 161215suuuu hu om 000 hun d
040 |a BGE Dolgozattár Repozitórium  |b hun 
041 |a hu 
100 1 |a Himmer Dávid Ádám 
245 1 0 |a Készletgazdálkodás hatékonyságának javítása a ContiTech Fluid Automotive Hungária Kft-nél  |c Himmer Dávid Ádám  |h [elektronikus dokumentum] 
695 |a Készletgazdálkodás/ készletcsökkentés 
695 |a kitting 
695 |a Hatékonyság 
700 1 |a Fülöp Dr. Sándor  |e ths 
856 4 0 |u http://dolgozattar.uni-bge.hu/9097/1/szakdogateljes.pdf  |z Dokumentum-elérés 
856 4 0 |u http://dolgozattar.uni-bge.hu/9097/2/titkos%C3%ADt%C3%A1si0001.pdf  |z Dokumentum-elérés